Repräsentativbefragung zu Viktimisierungserfahrungen in Deutschland
| Main Author: | |
|---|---|
| Format: | Electronic Book |
| Language: | German |
| Published: |
Hannover
Kriminologisches Forschungsinstitut. Niedersachsen
2014
|
| In: |
Forschungsbericht (122)
Year: 2014 |
| Online Access: |
Volltext (kostenfrei) Volltext (kostenfrei) Volltext (kostenfrei) |
| Check availability: | HBZ Gateway |
| Keywords: | |
| Parallel Edition: | Non-electronic
|
MARC
| LEADER | 00000cam a2200000 c 4500 | ||
|---|---|---|---|
| 001 | 1663001863 | ||
| 003 | DE-627 | ||
| 005 | 20251225214108.0 | ||
| 007 | cr uuu---uuuuu | ||
| 008 | 190409s2014 xx |||||ot 00| ||ger c | ||
| 024 | 7 | |a urn:nbn:de:bsz:21-dspace-859458 |2 urn | |
| 024 | 7 | |a 10.15496/publikation-27334 |2 doi | |
| 024 | 7 | |a 10900/85945 |2 hdl | |
| 035 | |a (DE-627)1663001863 | ||
| 035 | |a (DE-599)KXP1663001863 | ||
| 035 | |a (OCoLC)1197729234 | ||
| 040 | |a DE-627 |b ger |c DE-627 |e rda | ||
| 041 | |a ger | ||
| 082 | 0 | |a 362.880943090512 |q SEPA | |
| 082 | 0 | 4 | |a 360; 340 |
| 084 | |a 2,1 |2 ssgn | ||
| 084 | |a PH 8600 |q SEPA |2 rvk |0 (DE-625)rvk/136512: | ||
| 100 | 1 | |a Hellmann, Deborah F. |e VerfasserIn |0 (DE-588)1053383118 |0 (DE-627)789987791 |0 (DE-576)409229598 |4 aut | |
| 109 | |a Hellmann, Deborah F. |a Thoben, Deborah F. | ||
| 245 | 1 | 0 | |a Repräsentativbefragung zu Viktimisierungserfahrungen in Deutschland |c Deborah F. Hellmann |
| 264 | 1 | |a Hannover |b Kriminologisches Forschungsinstitut. Niedersachsen |c 2014 | |
| 336 | |a Text |b txt |2 rdacontent | ||
| 337 | |a Computermedien |b c |2 rdamedia | ||
| 338 | |a Online-Ressource |b cr |2 rdacarrier | ||
| 490 | 1 | |a Forschungsbericht / KFN, Kriminologisches Forschungsinstitut Niedersachsen e.V. |v 122 | |
| 533 | |a Reproduktion |e 1 Online-Ressource (239 Seiten) | ||
| 583 | 1 | |a Archivierung/Langzeitarchivierung gewährleistet |f SSG |x XA-DE-BW |2 pdager |5 DE-21 | |
| 650 | 0 | 7 | |0 (DE-588)4151241-8 |0 (DE-627)105547298 |0 (DE-576)209786566 |a Einbruchdiebstahl |2 gnd |
| 650 | 0 | 7 | |0 (DE-588)4157237-3 |0 (DE-627)105502421 |0 (DE-576)209832878 |a Gewalttätigkeit |2 gnd |
| 650 | 0 | 7 | |0 (DE-588)4126865-9 |0 (DE-627)105729094 |0 (DE-576)20958873X |a Sexueller Missbrauch |2 gnd |
| 650 | 0 | 7 | |0 (DE-588)4723056-3 |0 (DE-627)365816949 |0 (DE-576)21575591X |a Häusliche Gewalt |2 gnd |
| 650 | 0 | 7 | |0 (DE-588)4551174-3 |0 (DE-627)300018584 |0 (DE-576)213614081 |a Stalking |2 gnd |
| 650 | 0 | 7 | |0 (DE-588)1253967660 |0 (DE-627)1796400084 |a Sexualisierte Gewalt |2 gnd |
| 650 | 0 | 7 | |0 (DE-588)4632576-1 |0 (DE-627)327991259 |0 (DE-576)214469654 |a Prävalenz |2 gnd |
| 655 | 7 | |a Forschungsbericht |0 (DE-588)4155043-2 |0 (DE-627)10467444X |0 (DE-576)209815833 |2 gnd-content | |
| 776 | 0 | 8 | |i Erscheint auch als |n Druck-Ausgabe |a Hellmann, Deborah F. |t Repräsentativbefragung zu Viktimisierungserfahrungen in Deutschland |d Hannover : Kriminologisches Forschungsinstitut Niedersachsen, 2014 |h XIX, 213 S. |w (DE-627)1479763462 |w (DE-576)409763462 |k Non-Electronic |
| 810 | 2 | |a Kriminologisches Forschungsinstitut Niedersachsen |t Forschungsbericht |v 122 |9 122 |w (DE-627)493208003 |w (DE-576)281280991 |w (DE-600)2195459-8 |7 am | |
| 856 | 4 | 0 | |u http://nbn-resolving.de/urn:nbn:de:bsz:21-dspace-859458 |q application/pdf |x Resolving-System |z kostenfrei |3 Volltext |7 0 |
| 856 | 4 | 0 | |u https://doi.org/10.15496/publikation-27334 |x Resolving-System |z kostenfrei |3 Volltext |7 0 |
| 856 | 4 | 0 | |u http://hdl.handle.net/10900/85945 |x Resolving-System |z kostenfrei |3 Volltext |7 0 |
| 936 | r | v | |a PH 8600 |b Allgemeines; Täter-Opfer-Ausgleich; Wiedergutmachung; Opferentschädigung |k Rechtswissenschaft |k Strafrecht, Strafverfahrensrecht, Kriminologie |k Kriminologie |k Viktimologie |k Allgemeines; Täter-Opfer-Ausgleich; Wiedergutmachung; Opferentschädigung |0 (DE-627)1271675021 |0 (DE-625)rvk/136512: |0 (DE-576)201675021 |
| 951 | |a BO | ||
| ELC | |a 1 | ||
| LOK | |0 000 xxxxxcx a22 zn 4500 | ||
| LOK | |0 001 3421110573 | ||
| LOK | |0 003 DE-627 | ||
| LOK | |0 004 1663001863 | ||
| LOK | |0 005 20190409115330 | ||
| LOK | |0 008 190409||||||||||||||||ger||||||| | ||
| LOK | |0 040 |a DE-21 |c DE-627 |d DE-21 | ||
| LOK | |0 852 |a DE-21 | ||
| LOK | |0 852 1 |9 00 | ||
| LOK | |0 866 |x Download, Universitätsbibliothek Tübingen, 2018 | ||
| LOK | |0 939 |a 09-04-19 |b l01 | ||
| OAS | |a 1 | ||
| ORI | |a SA-MARC-krimdoka001.raw | ||
